Computer Artichecture : (Record no. 36463)
[ view plain ]
| 000 -LEADER | |
|---|---|
| fixed length control field | 00565nam a22001817a 4500 |
| 005 - DATE AND TIME OF LATEST TRANSACTION | |
| control field | 20240826125350.0 |
| 008 - FIXED-LENGTH DATA ELEMENTS--GENERAL INFORMATION | |
| fixed length control field | 240826b |||||||| |||| 00| 0 eng d |
| 020 ## - INTERNATIONAL STANDARD BOOK NUMBER | |
| ISBN | 978-93-81269-22-0 |
| 082 ## - DEWEY DECIMAL CLASSIFICATION NUMBER | |
| Classification number | 004.22 |
| Item number | HEN-C |
| 100 ## - MAIN ENTRY--AUTHOR | |
| Author Name | Hennessy, John L |
| 245 ## - TITLE STATEMENT | |
| Title | Computer Artichecture : |
| Remainder of title | A Quantitative Approach/ |
| Statement of responsibility, etc. | by John, L. Hennessy, David A. Patterson |
| 250 ## - EDITION STATEMENT | |
| Edition statement | 5th ed. |
| 260 ## - PUBLICATION, DISTRIBUTION, ETC. | |
| Place of Publication | India : |
| Name of publisher, distributor, etc. | Elsevier ; |
| Date of publication, distribution, etc. | 2012 |
| 300 ## - PHYSICAL DESCRIPTION | |
| Pages | xxvii, 493 p. : |
| 500 ## - GENERAL NOTE | |
| General note | Include Index, Appendix, and References. |
| 650 ## - SUBJECT ADDED ENTRY--TOPICAL TERM | |
| Subject / Department | Engineering/ Computer |
| 300 ## - PHYSICAL DESCRIPTION | |
| -- | 24 cm |
No items available.
